| 000 | 02199cam a22004934i 4500 | ||
|---|---|---|---|
| 003 | PE-LiUPU | ||
| 005 | 20250731173352.0 | ||
| 008 | 150706s r 000 0 d | ||
| 020 | _a9781589834286 | ||
| 035 | _a(Sirsi) i9781589834286 | ||
| 040 |
_aPE-LiUPU _bspa _cPE-LiUPU _erda |
||
| 049 | _aPRUA | ||
| 082 | 0 | 4 |
_a227.012 _bP _221 |
| 245 | 0 | 4 |
_aThe Pauline canon / _ceditado por Stanley E. Porter. |
| 264 | 1 |
_aAtlanta, Ga. : _b Society of Biblical Literature, _c[2009]. |
|
| 300 |
_a254 páginas ; _c23 centímetros |
||
| 336 |
_atext _2rdacontent |
||
| 337 |
_aunmediated _2rdamedia |
||
| 338 |
_avolume _2rdacarrier |
||
| 490 | 0 |
_aPauline studies ; _v1 |
|
| 504 | _aIncludes bibliographical references. | ||
| 505 | 0 | _aIntroduction to the Study of the Pauline Canon -- The Pastoral Epistles, Apostolic Authority, and the Development of the Pauline Scriptures -- The Function of the Pastoral Letters within the Pauline Canon of the New Testament: A Canonical Approach -- Paul´s Letter to the Laodiceans -- The Hellenistic Letter-formula and the Pauline Letter-scheme -- When and How was the Pauline Canon Compiled? -Disputed and Undisputed Letters of Paul -- Paul Wrote some of All, but not All of any -- Interpolations in the Pauline Letters. | |
| 526 | _aSEG42 | ||
| 526 | _aSEG41 | ||
| 526 | _aSEG40 | ||
| 526 | _aSEG39 | ||
| 526 | _aP94 | ||
| 526 | _aP87 | ||
| 526 | _aP86 | ||
| 526 | _aP85 | ||
| 526 | _aP77 | ||
| 526 | _aP76 | ||
| 526 | _aP35 | ||
| 541 | _g484080; | ||
| 630 |
_aBiblia. _pN.T. _pEpistolas paulinas _xCanon. |
||
| 630 |
_aBiblia. _pN.T. _pEpistolas paulinas _xCrítica, interpretación, etc. |
||
| 700 | 1 |
_aPorter, Stanley E., _d1956- , _eed. |
|
| 910 |
_bjv _cjvm _d20100518 |
||
| 942 |
_2ddc _cBOOK |
||
| 949 |
_a227.012 P _wDEWEY _c1 _i61700 _lCCODEBUL1 _mBUL _p10.00 _r0 _sY _tBOOK _u2015-7-6 _xTEOLOGIA _PP35 _0COMPRA _o.STAFF. Colección General |
||
| 994 |
_aC0 _bPEPRU |
||
| 596 | _a1 | ||
| 999 |
_a227.012 P _wDEWEY _c50848 _i61700 _d50848 _f2021-11-9 _g5 _lCCODEBUL1 _mBUL _p10.00 _q1 _r0 _sY _tBOOK _u2015-7-6 _xTEOLOGIA _PP35 _0COMPRA _o.STAFF. Colección General |
||
| 980 |
_81 _gALBERTO SANCHEZ Responsable de Automatización |
||